000 01037nam a22002535i 4500
001 176345
003 ES-MaACL
005 20250831123110.0
008 110111s1977 sp |||| | spa d
020 _a84-277-0320-1
080 _a334.732:631.115.8(460)
110 2 _aInstituto de Reformas Sociales (España)
_95000
245 1 0 _aMiseria y conciencia del campesino castellano
_b: ("memoria acerca de la información agraria en ambas Castillas") /
_cInstituto de Reformas Sociales ; introducción, notas y comentario de textos por Julio Arostegui.
260 _aMadrid :
_bNarcea,
_cD. L. 1977.
300 _a263 p. ;
_c18 cm.
490 1 _aBitácora. Biblioteca del estudiante ;
_v62
504 _aBibliografía: p. 92-99.
650 0 4 _aCampesinado-
_zEspaña-
_yS.XX.
_9144650
650 0 4 _aAgricultura-
_zEspaña.
_99680
700 1 _aAróstegui, Julio,
_d1939-2013
_923167
830 0 _aBitácora. Biblioteca del estudiante ;
_v62
_9181903
852 _aES-MaACL
_jE-13989
_xOlim P-1892
999 _c176345
_d176345